NBA Champions in the last 20 years - Statistics

General Stats
  • This quiz has been taken 296 times
  • The average score is 20 of 21
Answer Stats
Year NBA champion % Correct
2020 Lakers
98%
2010 Lakers
98%
2009 Lakers
98%
2002 Lakers
98%
2022 Warriors
98%
2018 Warriors
98%
2017 Warriors
98%
2015 Warriors
98%
2008 Celtics
97%
2013 Heat
97%
2012 Heat
97%
2006 Heat
97%
2019 Raptors
96%
2021 Bucks
95%
2016 Cavaliers
94%
2014 Spurs
94%
2007 Spurs
94%
2005 Spurs
94%
2003 Spurs
94%
2011 Mavericks
93%
2004 Pistons
89%
No matching quizzes found
Score Distribution
Percent of People with Each Score
Percentile by Number Answered
Your Score History
You have not taken this quiz